Geometry : Euclid and beyond
Αποθηκεύτηκε σε:
| Κύριος συγγραφέας: | |
|---|---|
| Μορφή: | Βιβλίο |
| Γλώσσα: | English |
| Δημοσίευση: |
New York :
Springer,
c2000
|
| Σειρά: | Undergraduate texts in mathematics
|
| Θέματα: | |
| Ετικέτες: |
Προσθήκη ετικέτας
Δεν υπάρχουν, Καταχωρήστε ετικέτα πρώτοι!
|
MARC
| LEADER | 00000nam a2200000 i 4500 | ||
|---|---|---|---|
| 001 | 1/60911 | ||
| 008 | 071030s2000 eng d | ||
| 020 | |a 0-387-98650-2 | ||
| 020 | |a 978-0-387-98650-0 | ||
| 035 | |l 10091922 | ||
| 040 | |a GR-MY-UA |b gre |e aacr | ||
| 041 | 0 | |a eng | |
| 082 | 0 | |a 516 |2 (22) | |
| 100 | 1 | |a Hartshorne, Robin. | |
| 245 | 1 | 0 | |a Geometry : |b Euclid and beyond / |c Robin Hartshorne |
| 260 | |a New York : |b Springer, |c c2000 | ||
| 300 | |a xi, 526 σ.; |b εικ.; |c 24 εκ. | ||
| 490 | 1 | |a Undergraduate texts in mathematics | |
| 504 | |a Περιέχει βιβλιογραφικές παραπομπές (σ. 495-501) και ευρετήρια | ||
| 650 | 0 | 0 | |a Geometry. |
| 830 | 0 | |a Undergraduate texts in mathematics | |
| 852 | |a INST |b SAMOS |e 20071030 |h 516 HAR |p 005300027997 |q 005300027997 |t BK |y 0 | ||
| 901 | |a BIBL3-2007-3 | ||
| 909 | |a Σ |b 139247 | ||
| 922 | |a 3ΕΛΗ |b 200709 |c ΕΠΕΑΕΚ2/ΤΜΗΜΑ ΜΑΘΗΜΑΤΙΚΩΝ |d ΠΑΠΑΣΩΤΗΡΙΟΥ | ||
| 970 | |a ΜΑΛΑΓΑΡΗ |b ΦΩΤΕΙΝΗ |z 2007/10/30 | ||